000 00491cam a2200193ua 4500
020 _a81-7808-965-3
_c475.00
041 _aeng
_h
082 _a574.015195
_bZAR/BI
100 _aZae, Jerrold.H .
245 _aBio statistical analysis /
_cH.Jerrold Zae.
_hTextual Documents
250 _a4 /
_b.
260 _aNew Delhi :
_bPeasion education ,
_c1999.
300 _a903 :
_b` ; .
365 _a475.00
500 _a* CSS
504 _a
942 _cBK
999 _c1771
_d1771